000 00284nam a2200109Ia 4500
008 190216s9999||||xx |||||||||||||| ||und||
100 _aPaniker K G K
245 0 _aMalayalam-General-Samoohya Manashashthra Praveshika
260 _bVidyarthimithram
650 _aMalayalam
942 _cBK
999 _c26277
_d26277